00341nam a2200121Ia 4500008004100000041000800041082001400049100001500063245004400078260005400122300003200176365001100208240624s9999 xx 000 0 und d aeng a651.7 GRE aGREEN ANDY aEFFECTIVE PERSONAL COMMUNICATION SKILLS c2008aNew DelhibKogan Page India Private limited axvii, : 219 : p. : cm. ; 23 cRSb33